000 00315nam a2200097Ia 4500
008 160523s9999 xx 000 0 und d
245 4 _aThe Systemic Dimension of Globalization
245 _cEdited by Piotr Pachura
260 _c2011
856 _uhttp://www.intechopen.com/books/the-systemic-dimension-of-globalization
999 _c294911
_d294911